00682pam a2200217 a 4500020002800000040000800028082002600036100002100062245005700083260003600140300003300176500002000209650002800229650001000257650001600267650001600283650002500299650002000324856006500344856005500409 a0471122793 (alk. paper) cDLC00a616 WIL 1996 A048 Or.1 aNolan, Thomas E.10aPrimary care for the obstetrician and gynecologist / aNew York :bWiley-Liss,cc1996. axi, 349 p. :bill. ;c18 cm. aIncludes index. 0aPrimary care (Medicine) 0aWomen 0aObstetrics. 0aGynecology.12aPrimary Health Care.12aWomen's Health.42uhttp://www.loc.gov/catdir/description/wiley034/95046498.html4 uhttp://www.loc.gov/catdir/toc/onix05/95046498.html